Restaurator international journal for the preservation of library and archival material

Podrobná bibliografia
Médium: Časopis
Jazyk:angličtina
Fyzický popis:zv. 25 cm
Vydavateľské údaje: München K. G. Saur
ISSN:0034-5806

MARC

LEADER 00000nas a2200000 a 4500
001 vtls008689772
003 SK-MaSNL
005 20260221112652.0
008 060410c19uu9999gw qr p 0 b0eng
022 |a 0034-5806 
040 |a SNK  |b slo  |c SNK  |e AACR2 
041 0 |a eng 
044 |a gw  |c DE 
245 0 0 |a Restaurator  |b international journal for the preservation of library and archival material 
260 |a München  |b K. G. Saur 
300 |a zv.  |c 25 cm 
310 |a 4x ročne 
500 |a Popis podľa: Vol. 27, no. 1 (2006) 
910 |a snk 
910 |a snmk 
999 |c 879  |d 2809 
952 |0 0  |1 0  |4 0  |7 0  |8 4  |a SNK  |b SNK  |d 2021-12-17  |i snk2021/20212  |l 0  |o snkČC 3153/40/2019  |p 17A1460837  |r 2026-02-21 20:01:06  |t č. 1-4  |w 2026-02-21  |y PREZ 
952 |0 0  |1 1  |4 0  |7 0  |8 4  |a SNK  |b SNK  |d 2011-07-29  |i snk2011/16642  |l 0  |o snkČC 3153/29/2008  |p 17A0694324  |r 2026-02-21 20:06:48  |t č. 1-4  |w 2026-02-21  |y PREZ 
952 |0 0  |1 1  |4 0  |7 0  |8 4  |a SNK  |b SNK  |d 2011-07-29  |i snk2011/16645  |l 0  |o snkČC 3153/30/2009  |p 17A0694325  |r 2026-02-21 20:06:48  |t č. 1-4  |w 2026-02-21  |y PREZ 
952 |0 0  |1 1  |4 0  |7 0  |8 4  |a SNK  |b SNK  |d 2011-07-29  |i snk2011/16646  |l 0  |o snkČC 3153/31/2010  |p 17A0694326  |r 2026-02-21 20:06:55  |t č. 1-4  |w 2026-02-21  |y PREZ 
952 |0 0  |1 0  |4 0  |7 0  |8 3  |a SNK  |b SNK  |d 2011-07-29  |i snk2011/16649  |l 0  |o snkČC 3153/32/2011  |p 17A0694327  |r 2026-02-21 20:06:55  |t iba č. 1  |w 2026-02-21  |y VYP 
952 |0 0  |1 1  |3  ;   |4 0  |7 0  |8 4  |a SNK  |b SNK  |d 2011-07-29  |i snk2011/16639  |l 0  |o snkČC 3153/26/2005  |p 17A0694321  |r 2026-02-21 20:06:57  |t č. 1-4  |w 2026-02-21  |y PREZ 
952 |0 0  |1 1  |4 0  |7 0  |8 4  |a SNK  |b SNK  |d 2011-07-29  |i snk2011/16641  |l 0  |o snkČC 3153/28/2007  |p 17A0694323  |r 2026-02-21 20:06:57  |t č. 1-4  |w 2026-02-21  |y PREZ 
952 |0 0  |1 1  |4 0  |7 0  |8 4  |a SNK  |b SNK  |d 2011-07-29  |i snk2011/16640  |l 0  |o snkČC 3153/27/2006  |p 17A0694322  |r 2026-02-21 21:02:02  |t č. 1-4  |w 2026-02-21  |y PREZ 
952 |0 0  |1 0  |4 0  |7 0  |8 4  |a SNK  |b SNK  |d 2015-03-23  |i snk2015/10004  |l 0  |o snkČC 3153/34/2013  |p 17A1143210  |r 2026-02-21 21:15:52  |t č. 1-4  |w 2026-02-21  |y PREZ 
952 |0 0  |1 0  |4 0  |7 0  |8 4  |a SNK  |b SNK  |d 2024-03-07  |i snk2024/3871  |l 0  |o snkČC 3153/41/2020  |p 17A1522108  |r 2026-02-21 21:39:44  |t č. 1-4  |w 2026-02-21  |y PREZ 
952 |0 0  |1 0  |4 0  |7 0  |8 4  |a SNK  |b SNK  |d 2024-03-07  |i snk2024/3880  |l 0  |o snkČC 3153/42/2021  |p 17A1522109  |r 2026-02-21 21:39:44  |t č. 1-4  |w 2026-02-21  |y PREZ 
952 |0 0  |1 0  |4 0  |7 0  |8 4  |a SNK  |b SNK  |d 2024-03-07  |i snk2024/3882  |l 0  |o snkČC 3153/43/2022  |p 17A1522110  |r 2026-02-21 21:39:44  |t č. 1-4  |w 2026-02-21  |y PREZ 
952 |0 0  |1 0  |4 0  |7 0  |8 4  |a SNK  |b SNK  |d 2024-03-07  |i snk2024/3883  |l 0  |o snkČC 3153/44/2023  |p 17A1522111  |r 2026-02-21 21:39:44  |t č. 1-4  |w 2026-02-21  |y PREZ 
952 |0 0  |1 0  |4 0  |7 0  |8 4  |a SNK  |b SNK  |d 2019-02-13  |i snk2019/4136  |l 0  |o snkČC 3153/37/2016  |p 17A1343055  |r 2026-02-21 21:49:35  |t č. 1-4  |w 2026-02-21  |y PREZ 
952 |0 0  |1 0  |4 0  |7 0  |8 4  |a SNK  |b SNK  |d 2020-06-10  |i snk2020/10038  |l 0  |o snkČC 3153/39/2018  |p 17A1388436  |r 2026-02-21 22:01:25  |t č. 1-4  |w 2026-02-21  |y PREZ 
952 |0 0  |1 0  |4 0  |7 0  |8 4  |a SNK  |b SNK  |d 2017-03-08  |i snk2017/6386  |l 0  |o snkČC 3153/35/2014  |p 17A1205218  |r 2026-02-21 22:03:48  |t č. 1-4  |w 2026-02-21  |y PREZ 
952 |0 0  |1 0  |4 0  |7 0  |8 4  |a SNK  |b SNK  |d 2019-05-20  |i snk2019/13842  |l 0  |o snkČC 3153/38/2017  |p 17A1365349  |r 2026-02-21 22:06:57  |t č. 1-4  |w 2026-02-21  |y PREZ 
952 |0 0  |1 0  |4 0  |7 0  |8 4  |a SNK  |b SNK  |d 2017-06-29  |i snk2017/15161  |l 0  |o snkČC 3153/36/2015  |p 17A1206837  |r 2026-02-21 22:25:10  |t č. 1-4  |w 2026-02-21  |y PREZ